00714nam a2200181Ia 4500003000900000008004100009020002200050040001600072080002300088245019800111260003700309300001400346490005100360650001900411650004100430700003300471700002800504IN-BaIIA211028s9999 xx 000 0 eng d a978-1-4020-2572-3 cIIA Library a52(082.1)bASS-311 4aThe new rosetta targetsbobservations, simulations and instrument performancescedited by Luigi Colangeli, Elena Mazzotta Epifani and Pasquale Palumbo  aDordrechtbKluwer Academicc2004 axi, 307p. aAstrophysics and space science library; v. 311 aComet analysis aInstrument performances observations aEpifani, Elena Mazzotta, ed. aPalumbo, Pasquale., ed.